Alkali Metals - Statistics

General Stats
  • This quiz has been taken 69 times
  • The average score is 6 of 6
Answer Stats
Symbol Element % Correct
Li Lithium
100%
Fr Francium
98%
Na Sodium
98%
K Potassium
96%
Cs Cesium
92%
Rb Rubidium
90%
No matching quizzes found
Score Distribution
Percent of People with Each Score
Percentile by Number Answered
Your Score History
You have not taken this quiz